El Vaticano II: como software de la iglesia actual

Gorde:
Xehetasun bibliografikoak
Egile nagusia: Hünermann, Peter (Egilea)
Formatua: Liburua
Hizkuntza:gaztelania
Argitaratua: Santiago Ediciones Universidad Alberto Hurtado 2014
Santiago Centro Teológico Manuel Larraín 2014
Edizioa:1a. ed
Saila:Colección Teología de los Tiempos, 15
Gaiak:
Etiketak: Etiketa erantsi
Etiketarik gabe, Izan zaitez lehena erregistro honi etiketa jartzen!

MARC

LEADER 00000cam a2200000 a 4500
001 UCD0573
003 CL-VaPUC
008 151204e20141200cl |||||||||||||||||spa|d
020 |a 9789563570182 
082 0 4 |a 262.5  |b HUN  |2 21 
100 |a Hünermann, Peter  |e author  |9 591778 
245 1 3 |a El Vaticano II: como software de la iglesia actual 
250 |a 1a. ed 
300 |a 348 p 
942 |c BK 
945 |d 20151204 12:43:00  |a arojas 
260 |a Santiago  |b Ediciones Universidad Alberto Hurtado  |c 2014 
260 |a Santiago  |b Centro Teológico Manuel Larraín  |c 2014 
650 0 |a Concilio Vaticano II  |9 258399 
650 0 |a Eclesiología   |9 366152 
650 0 |a Iglesia   |9 255004 
583 |a last modification  |c 20151204 12:43:00  |k Rodrigo Vera 
490 0 |a Colección Teología de los Tiempos, 15 
999 |c 362045  |d 362043 
952 |0 0  |1 0  |3 erb  |4 0  |6 262_500000000000000_HUN_2014_2014  |7 0  |8 A  |9 472905  |a BIBTEO  |b BIBTEO  |i 5254019  |l 1  |o 262.5 HUN 2014 2014  |p 5254019  |r 2025-01-17  |s 2023-10-31  |w 2019-11-24  |y BK  |z Catalogado en:20151204  |k ICR